Senarai koleksi Misbaha dan keluarga

Bibliographic Details
Main Author: Muhammad Salleh Haji Awang (Author)
Format: Book
Subjects:

MARC

LEADER 00000cam a2200000 7i4500
001 0000007678
005 20190401093000.0
008 021119n
090 0 0 |a DS591   |b .S46 (j1- ) 
245 0 0 |a Senarai koleksi Misbaha dan keluarga 
300 |a j. ; ;   |c 30 sm. 
500 |a Koleksi perpustakaan: jil. 1; 4-9 ; 11-18 
650 0 |a Collectors and collecting   |z Terengganu 
651 0 |a Malaysia   |x History   |x Sources   |x Bibliography 
651 0 |a Malaysia   |x Private collections 
651 0 |a Terengganu   |x History   |x Sources   |x Bibliography 
700 0 |a Muhammad Salleh Haji Awang   |f Dato' Setia Jasa ,   |e author 
999 |a 1000054849   |b Book   |c Open Shelf (7 days)   |e Gong Badak Campus 
999 |a 1000054850   |b Book   |c Reference   |e Gong Badak Campus 
999 |a 1000054851   |b Book   |c Open Shelf (7 days)   |e Gong Badak Campus 
999 |a 1000054852   |b Book   |c Open Shelf (7 days)   |e Gong Badak Campus 
999 |a 1000054853   |b Book   |c Open Shelf (7 days)   |e Gong Badak Campus 
999 |a 1000054854   |b Book   |c Open Shelf (7 days)   |e Gong Badak Campus 
999 |a 1000054855   |b Book   |c Open Shelf (7 days)   |e Gong Badak Campus 
999 |a 1000054856   |b Book   |c Open Shelf (7 days)   |e Gong Badak Campus 
999 |a 1000054857   |b Book   |c Open Shelf (7 days)   |e Gong Badak Campus 
999 |a 1000054858   |b Book   |c Open Shelf (7 days)   |e Gong Badak Campus 
999 |a 1000054859   |b Book   |c Open Shelf (7 days)   |e Gong Badak Campus 
999 |a 1000054860   |b Book   |c Open Shelf (7 days)   |e Gong Badak Campus 
999 |a 1000054861   |b Book   |c Open Shelf (7 days)   |e Gong Badak Campus 
999 |a 1000054862   |b Book   |c Open Shelf (7 days)   |e Gong Badak Campus 
999 |a 1000054863   |b Book   |c Open Shelf (7 days)   |e Gong Badak Campus